[Event "Zuerich Seniors op 08th"]
[White "Reiss, Siegfried"]
[Black "Oesch, Harry"]
[Site "Zuerich"]
[Round "?"]
[Result "1/2-1/2"]
[Date "2010.02.04"]
[WhiteElo "2015"]
[BlackElo "2010"]
[PlyCount "22"]
[EventDate "2010.01.25"]
[EventType "swiss"]
[EventRounds "9"]
[EventCountry "SUI"]
[SourceTitle "EXT 2022"]
[Source "ChessBase"]
[SourceDate "2021.10.06"]
[SourceVersion "1"]
[SourceVersionDate "2021.10.06"]
[SourceQuality "1"]

1. d4 Nf6 2. Nc3 d5 3. e4 dxe4 4. f3 exf3 5. Nxf3 Bf5 6. Ne5 e6 7. g4 Bg6 8. g5 Nd5 9. Bc4 c6 10. h4 Nd7 11. Nxg6 hxg6 1/2-1/2

[Event "Zuerich Seniors op 08th"]
[White "Oesch, Harry"]
[Black "Guebeli, Albert"]
[Site "Zuerich"]
[Round "?"]
[Result "1-0"]
[Date "2010.02.01"]
[WhiteElo "2010"]
[BlackElo "1823"]
[PlyCount "114"]
[EventDate "2010.01.25"]
[EventType "swiss"]
[EventRounds "9"]
[EventCountry "SUI"]
[SourceTitle "EXT 2022"]
[Source "ChessBase"]
[SourceDate "2021.10.06"]
[SourceVersion "1"]
[SourceVersionDate "2021.10.06"]
[SourceQuality "1"]

1. e4 c5 2. c3 Nc6 3. d4 d5 4. exd5 Qxd5 5. Nf3 Bg4 6. Be2 cxd4 7. cxd4 Rd8 8. Nc3 Qa5 9. d5 Nf6 10. h3 Bf5 11. Bc4 a6 12. Bd2 Nb4 13. 0-0 Qc5 14. Qa4+ Bd7 15. Qb3 b5 16. a3 Qxc4 17. Qxc4 bxc4 18. axb4 Bb5 19. Ra5 Nxd5 20. Nxb5 axb5 21. Rxb5 e6 22. Rc1 Rc8 23. Ne5 Be7 24. Rxc4 0-0 25. b3 Rb8 26. Rxb8 Rxb8 27. Nc6 Ra8 28. Nxe7+ Nxe7 29. b5 Nd5 30. Be3 Rb8 31. b6 Kf8 32. Rc6 Rb7 33. Kf1 Ke7 34. b4 Kd7 35. b5 Nb4 36. Rc4 Nd5 37. Rc6 Nb4 38. Rc1 Nd5 39. Bd4 f6 40. Rc6 Nb4 41. Rc1 Nd5 42. Ra1 Kc8 43. Ra8+ Rb8 44. b7+ Kxb7 45. Ra7+ Kc8 46. Rxg7 e5 47. Be3 Rb7 48. Rxb7 Kxb7 49. Ke1 Nxe3 50. fxe3 Kb6 51. Kd2 Kxb5 52. Kd3 f5 53. g4 fxg4 54. hxg4 Kc5 55. Ke4 Kd6 56. Kf5 Kd5 57. e4+ Kd6 1-0

[Event "Zuerich Seniors op 08th"]
[White "De Marchi, Silverio"]
[Black "Oesch, Harry"]
[Site "Zuerich"]
[Round "?"]
[Result "1/2-1/2"]
[Date "2010.01.29"]
[WhiteElo "1925"]
[BlackElo "2010"]
[PlyCount "51"]
[EventDate "2010.01.25"]
[EventType "swiss"]
[EventRounds "9"]
[EventCountry "SUI"]
[SourceTitle "EXT 2022"]
[Source "ChessBase"]
[SourceDate "2021.10.06"]
[SourceVersion "1"]
[SourceVersionDate "2021.10.06"]
[SourceQuality "1"]

1. d4 Nf6 2. c4 e6 3. Nf3 d5 4. Nc3 Be7 5. Bg5 Nbd7 6. e3 a6 7. cxd5 exd5 8. Rc1 h6 9. Bh4 0-0 10. Bd3 Re8 11. 0-0 c6 12. Bb1 Bd6 13. Bg3 Bxg3 14. hxg3 Ng4 15. e4 dxe4 16. Nxe4 Ngf6 17. Nd6 Re6 18. Nf5 Nf8 19. Ne5 Re8 20. Nh4 Be6 21. Re1 Qd6 22. Qd2 Rad8 23. Rcd1 c5 24. Nhf3 cxd4 25. Qxd4 Qxd4 26. Nxd4 1/2-1/2

[Event "Zuerich Seniors op 08th"]
[White "Oesch, Harry"]
[Black "Schuerer, Toni"]
[Site "Zuerich"]
[Round "4"]
[Result "1-0"]
[Date "2010.01.28"]
[WhiteElo "2010"]
[BlackElo "1828"]
[PlyCount "42"]
[EventDate "2010.01.25"]
[EventType "swiss"]
[EventRounds "9"]
[EventCountry "SUI"]
[SourceTitle "EXT 2022"]
[Source "ChessBase"]
[SourceDate "2021.10.06"]
[SourceVersion "1"]
[SourceVersionDate "2021.10.06"]
[SourceQuality "1"]

1. e4 c5 2. c3 e6 3. d4 d5 4. e5 Nc6 5. Nf3 Nge7 6. Na3 a6 7. Bd3 Ng6 8. Nc2 Be7 9. 0-0 0-0 10. Re1 c4 11. Bf1 f6 12. exf6 Rxf6 13. Bg5 Rf5 14. Bxe7 Qxe7 15. Ne3 Rf7 16. Nxd5 Qd6 17. Nb6 Rb8 18. Bxc4 Na5 19. Nxc8 Rxc8 20. Bxe6 Rcf8 21. Ng5 Qf4 1-0

[Event "Zuerich Seniors op 08th"]
[White "Oesch, Harry"]
[Black "Kindler, Walter"]
[Site "Zuerich"]
[Round "2"]
[Result "0-1"]
[Date "2010.01.26"]
[WhiteElo "2010"]
[BlackElo "1639"]
[PlyCount "58"]
[EventDate "2010.01.25"]
[EventType "swiss"]
[EventRounds "9"]
[EventCountry "SUI"]
[SourceTitle "EXT 2022"]
[Source "ChessBase"]
[SourceDate "2021.10.06"]
[SourceVersion "1"]
[SourceVersionDate "2021.10.06"]
[SourceQuality "1"]

1. e4 e6 2. d4 d5 3. Nc3 Nf6 4. Bg5 Be7 5. e5 Nfd7 6. Bxe7 Qxe7 7. f4 0-0 8. Nf3 a6 9. Bd3 f5 10. exf6 Nxf6 11. 0-0 c5 12. Qd2 Nc6 13. dxc5 Qxc5+ 14. Kh1 Bd7 15. Rae1 Rae8 16. Ne5 Nxe5 17. Rxe5 Ng4 18. Ree1 Rf6 19. Be2 Nf2+ 20. Rxf2 Qxf2 21. Rf1 Qc5 22. Ne4 dxe4 23. Qxd7 Ref8 24. Qxb7 Qxc2 25. Bxa6 Rxf4 26. Re1 Rf2 27. h3 Rxg2 28. Qb6 Rh2+ 29. Kg1 Qg2# 0-1

[Event "Winterthur op 9th"]
[White "Ansell, Simon"]
[Black "Oesch, Harry"]
[Site "Winterthur"]
[Round "2"]
[Result "1-0"]
[Date "2009.10.04"]
[WhiteElo "2380"]
[BlackElo "1981"]
[PlyCount "71"]
[EventDate "2009.10.03"]
[EventType "swiss"]
[EventRounds "9"]
[EventCountry "SUI"]
[SourceTitle "CBM 132 Extra"]
[Source "ChessBase"]
[SourceDate "2009.11.03"]
[SourceVersion "1"]
[SourceVersionDate "2009.11.03"]
[SourceQuality "1"]

1. d4 Nf6 2. c4 e6 3. Nc3 Bb4 4. Qc2 Nc6 5. Nf3 d6 6. a3 Bxc3+ 7. Qxc3 a5 8. b3 Ne4 9. Qc2 f5 10. e3 0-0 11. Bb2 Qe8 12. Be2 b6 13. 0-0 Bb7 14. d5 Nd8 15. Rad1 e5 16. Ne1 Qg6 17. f3 Nf6 18. Nd3 Nf7 19. f4 e4 20. Nf2 h5 21. Qc3 Nh6 22. Nh3 Nh7 23. Bxh5 Qf6 24. Qxf6 Nxf6 25. Be2 Nfg4 26. Bd4 Bc8 27. Ng5 Nf6 28. h3 g6 29. Kf2 Nh7 30. Nxh7 Kxh7 31. Rg1 Bd7 32. g4 Rg8 33. g5 Nf7 34. h4 Nh8 35. h5 gxh5 36. Rh1 1-0

[Event "Laax Seniors op 8th"]
[White "Oesch, Harry"]
[Black "Eggenberger, Ulrich"]
[Site "Laax"]
[Round "?"]
[Result "1-0"]
[Date "2009.08.12"]
[WhiteElo "2034"]
[BlackElo "1921"]
[PlyCount "31"]
[EventDate "2009.08.10"]
[EventType "swiss"]
[EventRounds "9"]
[EventCountry "SUI"]
[SourceTitle "EXT 2022"]
[Source "ChessBase"]
[SourceDate "2021.10.06"]
[SourceVersion "1"]
[SourceVersionDate "2021.10.06"]
[SourceQuality "1"]

1. e4 e6 2. d4 d5 3. Nc3 Nf6 4. Bg5 Bb4 5. exd5 exd5 6. Qf3 Nbd7 7. 0-0-0 c6 8. Re1+ Kf8 9. a3 Bd6 10. Nh3 a6 11. Bd3 b5 12. Bf4 Qc7 13. Qg3 Bxf4+ 14. Nxf4 Qb6 15. Nh5 Qb8 16. Qxg7# 1-0

[Event "Laax Seniors op 8th"]
[White "Furger, Andreas"]
[Black "Oesch, Harry"]
[Site "Laax"]
[Round "?"]
[Result "1/2-1/2"]
[Date "2009.08.10"]
[WhiteElo "1728"]
[BlackElo "2034"]
[PlyCount "61"]
[EventDate "2009.08.10"]
[EventType "swiss"]
[EventRounds "9"]
[EventCountry "SUI"]
[SourceTitle "EXT 2022"]
[Source "ChessBase"]
[SourceDate "2021.10.06"]
[SourceVersion "1"]
[SourceVersionDate "2021.10.06"]
[SourceQuality "1"]

1. d4 Nf6 2. c4 e6 3. Nc3 Bb4 4. Bg5 h6 5. Bh4 Nc6 6. e3 Bxc3+ 7. bxc3 d6 8. Bd3 e5 9. Qc2 0-0 10. Ne2 Re8 11. d5 Nb8 12. e4 Nbd7 13. 0-0 b6 14. f4 exf4 15. Bxf6 Nxf6 16. Rxf4 Ng4 17. Qd2 Ne5 18. Raf1 Ba6 19. Ng3 Bxc4 20. Bxc4 Nxc4 21. Qd4 Ne5 22. Nh5 Rf8 23. Rg4 g6 24. Nf6+ Kh8 25. Rh4 h5 26. Qe3 Kg7 27. Qg5 Rh8 28. Rf5 Kf8 29. Rxe5 dxe5 30. Qxe5 Qd6 31. Nd7+ 1/2-1/2